Studená vojna a Blízky východ: zápas o Sýriu, 1955 – 1958 diplomová práca

Guardado en:
Detalles Bibliográficos
Autor principal: Alemayehu, Michal
Autor Corporativo: Fakulta medzinárodných vzťahov EU. Katedra medzinárodných politických vzťahov
Otros Autores: Sorby, Karol R.
Formato: Libro
Lenguaje:eslovaco
Publicado: Bratislava 2018
Etiquetas: Agregar Etiqueta
Sin Etiquetas, Sea el primero en etiquetar este registro!

MARC

LEADER 00000nbm a2200000 4500
001 0244429
005 20180806114350.7
041 0 |a slo 
044 |a SK 
245 1 0 |a Studená vojna a Blízky východ: zápas o Sýriu, 1955 – 1958  |b diplomová práca  |c Michal Alemayehu ; školiteľ: Karol Sorby 
264 1 |a Bratislava  |c 2018 
300 |a 61 s. 
100 1 |a Alemayehu, Michal 
700 1 |a Sorby, Karol R. 
710 2 |a Fakulta medzinárodných vzťahov EU. Katedra medzinárodných politických vzťahov